Movies Quiz

Random Movies or Director Quiz

TSPDT's 1000 21st Century Films, 201-300 (2016 Update) Quiz Stats

Quiz not verified by Sporcle

Challenge
Share
Tweet
Embed
Score 0/100 Timer 20:00
0 Plays Today
Director Film % Correct
Quentin TarantinoKill Bill Vol. 2
95.8%
Quentin TarantinoDjango Unchained
91.7%
Danny BoyleSlumdog Millionaire
91.7%
Alejandro González IñárrituBirdman
88.9%
Alfonso CuarónGravity
87.5%
Martin ScorseseThe Aviator
86.1%
George ClooneyGood Night, and Good Luck
86.1%
David O. RussellSilver Linings Playbook
83.3%
Tom HooperThe King's Speech
81.9%
Jason ReitmanUp in the Air
81.9%
Peter WeirMaster and Commander: The Far Side of the World
80.6%
Michael MooreFahrenheit 9|11
80.6%
BanksyExit Through the Gift Shop
80.6%
Steven SpielbergMinority Report
80.6%
Brad BirdRatatouille
80.6%
Martin ScorseseGangs of New York
80.6%
Joel Coen & Ethan CoenTrue Grit
80.6%
Joel Coen & Ethan CoenO Brother,Where Art Thou?
79.2%
Darren AronofskyThe Wrestler
77.8%
Woody AllenMatch Point
76.4%
David CronenbergEastern Promises
76.4%
Danny Boyle127 Hours
76.4%
Steven SoderberghErin Brockovich
75%
Alexander PayneThe Descendants
73.6%
Bennett MillerCapote
73.6%
Roman PolanskiThe Ghost Writer
69.4%
Alejandro González Iñárritu21 Grams
69.4%
Ben StilerZoolander
69.4%
Alex GarlandEx Machina
66.7%
Bennett MillerMoneyball
65.3%
Damien ChazelleWhiplash
63.9%
Tim BurtonBig Fish
63.9%
Noah BaumbachFrances Ha
62.5%
Stephen ChowKung Fu Hustle
59.7%
Director Film % Correct
Ridley ScottBlack Hawk Down
59.7%
Jim JarmuschOnly Lovers Left Alive
58.3%
Jonathan Dayton & Valerie FarisLittle Miss Sunshine
58.3%
Shane CarruthPrimer
58.3%
Richard LinklaterSchool of Rock
58.3%
Jeff NicholsTake Shelter
55.6%
Yorgos LanthimosDogtooth
55.6%
Shane CarruthUpstream Color
54.2%
John CarneyOnce
52.8%
Bong Joon-hoMother
51.4%
Mike LeighAnother Year
48.6%
Jean-Pierre Dardenne & Luc DardenneTwo Days, One Night
48.6%
Vincent Paronnaud & Marjane SatrapiPersepolis
47.2%
Gus Van SantParanoid Park
47.2%
Paul VerhoevenBlack Book
47.2%
Gus Van SantGerry
47.2%
Kenneth LonerganMargaret
45.8%
Mike LeighHappy-Go-Lucky
44.4%
Gus Van SantLast Days
43.1%
Kiyoshi KurosawaPulse
41.7%
Pedro AlmodóvarBad Education
38.9%
Nick Park & Steve BoxWallace and Gromit: The Curse of the Were-Rabbit
38.9%
Curtis HansonWonder Boys
38.9%
Michael Winterbottom24 Hour Party People
37.5%
Peter Lord & Nick ParkChicken Run
37.5%
Clair DenisTrouble Every Day
36.1%
Lynne RamsayMorvern Callar
36.1%
Steven SoderberghSolaris
36.1%
Abdellatif KechicheBlue is the Warmest Colour
34.7%
Pawel PawlikowskiIda
33.3%
Andrew Lau & Alan MakInfernal Affairs
31.9%
Mira NairMonsoon Wedding
30.6%
Olivier AssayasCarlos
29.2%
Claire DenisWhite Material
29.2%
Director Film % Correct
Catherine BreillatFat Girl
27.8%
James GrayTwo Lovers
27.8%
Aleksandr SokurovThe Sun
26.4%
Ryan FleckHalf Nelson
26.4%
Aki Kaurismäki Le Havre
26.4%
Ruben ÖstlundForce Majeure
25%
Roy AnderssonYou, the Living
23.6%
Kelly ReichardtOld Joy
23.6%
Andrey ZvyagintsevThe Return
22.2%
Corneliu PorumboiuPolice, Adjective
18.1%
Jafar PanahiCrimson Gold
18.1%
Jafar PanahiOffside
18.1%
Lee Chang-dongPoetry
18.1%
Sean DurkinMartha Marcy May Marlene
18.1%
Carlos ReygadasBattle in Heaven
16.7%
Jonathan CaouetteTarnation
15.3%
Hou Hsiao-hsienThree Times
13.9%
Hou Hsiao-hsienMillennium Mambo
13.9%
Jia ZhangkeUnknown Pleasures
11.1%
Raúl RuizMysteries of Lisbon
11.1%
Charles FergusonInside Job
11.1%
Lee Chang-dongOasis
9.7%
Marco Tullio GiordanaThe Best of Youth
9.7%
Hirokazu KoreedaNobody Knows
9.7%
Abderrahmane SissakoBamako
6.9%
Jean-Luc GodardNotre musique
5.6%
Elia SuleimanDivine Intervention
4.2%
Lisandro AlonsoLa Libertad
2.8%
Guy MaddinThe Heart of the World
2.8%
Ashutosh GowarikerLagaan: Once Upon a Time in India
1.4%
Marzieh MeshkiniThe Day I Became a Woman
1.4%
Manoel de OliveiraI'm Going Home
1.4%

You're not logged in!

Compare scores with friends on all Sporcle quizzes.
Join for Free
OR
Log In

You Might Also Like...

Show Comments

Extras

Top Quizzes Today


Score Distribution

Your Account Isn't Verified!

In order to create a playlist on Sporcle, you need to verify the email address you used during registration. Go to your Sporcle Settings to finish the process.

Report this User

Report this user for behavior that violates our Community Guidelines.

Details: